[Event "RUS-ch U16 Girls"]
[Site "Dagomys"]
[Date "2009.04.18"]
[Round "4"]
[White "Luchsheva, Anastasia"]
[Black "Egorova, Irina"]
[Result "1-0"]
[WhiteElo "2121"]
[BlackElo "1714"]
[PlyCount "117"]
[EventDate "2009.04.15"]
[EventType "swiss"]
[EventRounds "9"]
[EventCountry "RUS"]
[SourceTitle "CBM 130 Extra"]
[Source "ChessBase"]
[SourceDate "2009.07.02"]
[SourceVersion "2"]
[SourceVersionDate "2009.07.15"]
[SourceQuality "1"]

1. e4 c5 2. Nf3 d6 3. d4 cxd4 4. Nxd4 Nf6 5. Nc3 a6 6. Be3 e6 7. Be2 Be7 8. 0-0 0-0 9. Kh1 Qc7 10. f4 b5 11. a3 Bb7 12. Bf3 Nbd7 13. Nb3 Nb6 14. Na5 Nc4 15. Nxc4 bxc4 16. f5 Rab8 17. Ba7 Rbc8 18. Bf2 Bc6 19. Re1 Qb7 20. e5 Bxf3 21. Qxf3 Qxf3 22. gxf3 dxe5 23. fxe6 Bd6 24. Rad1 Bb8 25. exf7+ Rxf7 26. Bg3 Re8 27. Kg2 Rb7 28. Na4 Rb5 29. Re2 Kf7 30. Red2 Bc7 31. Bh4 Re7 32. Bxf6 gxf6 33. Rd5 Ke6 34. Rc5 Rg7+ 35. Kh3 Rxc5 36. Nxc5+ Kf5 37. Nxa6 Ba5 38. b4 cxb3 39. cxb3 Ra7 40. Nc5 Bc3 41. a4 Bd4 42. Ne4 Ke6 43. Rc1 Rb7 44. Rc6+ Ke7 45. Rxf6 Rxb3 46. a5 Ra3 47. a6 Ra2 48. Rh6 Kd7 49. Rxh7+ Kc6 50. Rh6+ Kb5 51. Kg4 Kc4 52. h4 Be3 53. Rf6 Bf4 54. Rc6+ Kd4 55. h5 Ke3 56. Rc3+ Kd4 57. Rc6 Ke3 58. h6 Rg2+ 59. Kf5 1-0